[Event "ARG-ch sf 98th"]
[Site "Buenos Aires"]
[Date "2023.05.05"]
[Round "7"]
[White "Fernandes, Martin"]
[Black "Sanhueza, Cristian"]
[Result "0-1"]
[WhiteElo "1828"]
[BlackElo "2204"]
[PlyCount "116"]
[EventDate "2023.04.29"]
[EventType "swiss"]
[EventRounds "9"]
[EventCountry "ARG"]
[SourceTitle "CBM 214 Extra"]
[Source "ChessBase"]
[SourceDate "2023.07.31"]
[SourceVersion "1"]
[SourceVersionDate "2023.07.31"]
[SourceQuality "1"]

1. e4 e5 2. Bc4 Nf6 3. d3 Nc6 4. Nc3 Bc5 5. Nf3 d6 6. Bg5 h6 7. Bxf6 Qxf6 8. Nd5 Qd8 9. a3 a6 10. Qd2 Ne7 11. Ne3 0-0 12. 0-0-0 b5 13. Bb3 Be6 14. g4 a5 15. Nf5 Ng6 16. g5 h5 17. d4 exd4 18. N3xd4 Bxb3 19. Nxb3 Bb6 20. h4 Qe8 21. Rhe1 Qe5 22. Qe2 Nf4 23. Qf3 g6 24. Nfd4 Ne6 25. Ne2 c6 26. Rf1 a4 27. Nd2 Rfe8 28. Ng3 Qf4 29. Qxf4 Nxf4 30. Nf3 Bc5 31. Nd4 Rac8 32. c3 d5 33. exd5 Nxd5 34. Nxb5 Nf4 35. Nd4 Be7 36. Nf3 Rb8 37. Rd4 Ne6 38. Rxa4 Nc5 39. Rc4 Nd3+ 40. Kc2 Nxb2 41. Re4 Bxa3 42. Rxe8+ Rxe8 43. Kb3 Ra8 44. Nd2 Nd3 45. Ra1 Nc5+ 46. Kc2 Ra4 47. Ne2 Ne4 48. Kb3 Nc5+ 49. Kc2 Ne4 50. Rxa3 Rxa3 51. Nxe4 Ra2+ 52. Kd3 Ra1 53. Nd4 Rh1 54. Nxc6 Rxh4 55. c4 Rh1 56. c5 h4 57. Ke3 h3 58. Kf3 Rg1 0-1

[Event "ARG-ch sf 98th"]
[Site "Buenos Aires"]
[Date "2023.04.30"]
[Round "2"]
[White "Gonzalez, Ignacio"]
[Black "Fernandes, Martin"]
[Result "0-1"]
[WhiteElo "1369"]
[BlackElo "1828"]
[PlyCount "98"]
[EventDate "2023.04.29"]
[EventType "swiss"]
[EventRounds "9"]
[EventCountry "ARG"]
[SourceTitle "CBM 214 Extra"]
[Source "ChessBase"]
[SourceDate "2023.07.31"]
[SourceVersion "1"]
[SourceVersionDate "2023.07.31"]
[SourceQuality "1"]

1. d4 d5 2. Nf3 e6 3. e3 c5 4. Bd3 Qb6 5. 0-0 Bd7 6. b3 Nc6 7. Bb2 Nf6 8. Nbd2 cxd4 9. exd4 Rc8 10. a3 Be7 11. c4 dxc4 12. Nxc4 Qc7 13. Rc1 0-0 14. Nce5 Qd6 15. Re1 Rfd8 16. Bb1 Be8 17. Qd3 Bf8 18. Ng4 Be7 19. Nxf6+ Bxf6 20. Qxh7+ Kf8 21. Rcd1 Na5 22. Qd3 Qb6 23. Ba2 Ba4 24. Bc3 Bb5 25. Bb4+ Kg8 26. Qe4 Bc6 27. Qg4 Bxf3 28. Qxf3 Bxd4 29. Bxa5 Qxa5 30. Qxb7 Bxf2+ 31. Kxf2 Rc2+ 32. Kf1 Rxa2 33. Rxd8+ Qxd8 34. Qxa7 Qd5 35. Qb8+ Kh7 36. Qg3 Rxa3 37. Rb1 Qf5+ 38. Ke2 Qxb1 39. Qh4+ Kg6 40. Qg4+ Kf6 41. Qh4+ g5 42. Qh8+ Ke7 43. Qg7 Qc2+ 44. Kf1 Qf5+ 45. Kg1 Qb1+ 46. Kf2 Ra2+ 47. Kg3 Qd3+ 48. Kg4 Rxg2+ 49. Kh5 Qh3# 0-1

[Event "ARG-ch sf 94th"]
[Site "Buenos Aires"]
[Date "2019.03.30"]
[Round "1"]
[White "Fernandes, Martin"]
[Black "Coro, Lucas"]
[Result "0-1"]
[WhiteElo "1945"]
[BlackElo "2276"]
[PlyCount "124"]
[EventDate "2019.03.30"]
[EventType "swiss"]
[EventRounds "9"]
[EventCountry "ARG"]
[SourceTitle "CBM 189 Extra"]
[Source "ChessBase"]
[SourceDate "2019.06.03"]
[SourceVersion "1"]
[SourceVersionDate "2019.06.03"]
[SourceQuality "1"]

1. e4 c5 2. Nf3 Nc6 3. d4 cxd4 4. Nxd4 Nf6 5. Nxc6 bxc6 6. Bd3 e5 7. 0-0 d6 8. Bg5 Be7 9. c4 0-0 10. Nc3 Nd7 11. Bxe7 Qxe7 12. b4 Re8 13. b5 Bb7 14. Qd2 Nc5 15. Bc2 cxb5 16. cxb5 Rac8 17. Kh1 Ne6 18. Rac1 Nd4 19. Bd3 Ne6 20. Rfd1 Qf6 21. Bf1 Nd4 22. Qe3 Qg6 23. a4 Rc5 24. f3 Nb3 25. Rb1 Qe6 26. Nd5 Nd4 27. Nb4 Rec8 28. Na6 Rc3 29. Qd2 d5 30. exd5 Bxd5 31. Rbc1 Rxc1 32. Rxc1 Rxc1 33. Qxc1 Qd7 34. Qc3 h6 35. Qc5 Ne6 36. Qc3 e4 37. fxe4 Bxe4 38. Kg1 Qd6 39. Qe3 Qb6 40. Kf2 Bc2 41. Bc4 Bxa4 42. Qxb6 axb6 43. Ke3 Kf8 44. Nb8 Ke7 45. Kd3 Kd6 46. Kc3 f5 47. Na6 Nc7 48. Kb4 Bc2 49. Nb8 Be4 50. g3 g5 51. Kc3 Ne6 52. Na6 f4 53. gxf4 gxf4 54. Nb4 Ke5 55. Kd2 Nc7 56. Kc3 f3 57. Nd3+ Bxd3 58. Kxd3 Kf4 59. Kd2 Ne8 60. Bd5 Nd6 61. Bc6 Ne4+ 62. Ke1 Ke3 0-1

[Event "Buenos Aires La Porta Cup"]
[Site "Buenos Aires"]
[Date "2019.03.28"]
[Round "8"]
[White "Fernandes, Martin"]
[Black "Barrionuevo, Pablo"]
[Result "0-1"]
[WhiteElo "1945"]
[BlackElo "2263"]
[PlyCount "76"]
[EventDate "2019.03.20"]
[EventType "swiss"]
[EventRounds "9"]
[EventCountry "ARG"]
[SourceTitle "CBM 189 Extra"]
[Source "ChessBase"]
[SourceDate "2019.06.03"]
[SourceVersion "1"]
[SourceVersionDate "2019.06.03"]
[SourceQuality "1"]

1. e4 d6 2. d4 Nf6 3. Nc3 g6 4. Be2 Bg7 5. h4 c5 6. dxc5 Qa5 7. cxd6 Nxe4 8. dxe7 Nc6 9. Bd2 Bxc3 10. bxc3 Qc5 11. Be3 Qxc3+ 12. Kf1 Ng3+ 13. fxg3 Qxe3 14. Bb5 Be6 15. Qd6 Qb6 16. Rb1 Bc4+ 17. Ne2 Bxb5 18. c4 Nxe7 19. Qxb6 axb6 20. Rxb5 Rxa2 21. Kf2 0-0 22. Rxb6 Nf5 23. Rhb1 Rd8 24. R1b2 Rxb2 25. Rxb2 Rd7 26. Nf4 Nd6 27. Rc2 Rc7 28. c5 Rxc5 29. Rxc5 Ne4+ 30. Ke3 Nxc5 31. Ne2 h5 32. Kd4 Ne6+ 33. Kc4 Kg7 34. Kb5 Kf6 35. Kb6 Ke5 36. Nc3 Kd4 37. Nb5+ Ke3 38. Nd6 f5 0-1

[Event "Buenos Aires La Porta Cup"]
[Site "Buenos Aires"]
[Date "2019.03.25"]
[Round "5"]
[White "Perez Candelas, Andres Eloy"]
[Black "Fernandes, Martin"]
[Result "1-0"]
[WhiteElo "2182"]
[BlackElo "1945"]
[PlyCount "101"]
[EventDate "2019.03.20"]
[EventType "swiss"]
[EventRounds "9"]
[EventCountry "ARG"]
[SourceTitle "CBM 189 Extra"]
[Source "ChessBase"]
[SourceDate "2019.06.03"]
[SourceVersion "1"]
[SourceVersionDate "2019.06.03"]
[SourceQuality "1"]

1. e4 c5 2. c3 d5 3. exd5 Qxd5 4. d4 cxd4 5. cxd4 e5 6. dxe5 Qxe5+ 7. Be2 Bb4+ 8. Nc3 Bxc3+ 9. bxc3 Bg4 10. Qb3 Nc6 11. Rb1 Nge7 12. h3 Be6 13. c4 Rd8 14. Nf3 Qe4 15. Be3 0-0 16. 0-0 Qg6 17. Kh1 b6 18. Qb5 Qf5 19. Qa4 h6 20. Rfd1 Qe4 21. Qb5 Qc2 22. c5 bxc5 23. Rdc1 Qe4 24. Qxc5 Bxa2 25. Ra1 Be6 26. Ra6 Rd5 27. Qa3 Rfd8 28. Ra4 Qg6 29. Bxa7 Nxa7 30. Qxe7 Nc8 31. Qh4 Re8 32. Bf1 Nd6 33. Qb4 Qh5 34. Qa3 Rd8 35. Ra8 Rxa8 36. Qxa8+ Kh7 37. Qa3 f5 38. Rc6 Rd1 39. Rxd6 Rxf1+ 40. Kh2 Bg8 41. Qa7 Qf7 42. Rd7 Qf6 43. Qc5 Kh8 44. Rd6 Qb2 45. Ne5 Qb8 46. Rb6 Qd8 47. Ng6+ Kh7 48. Nf8+ Kh8 49. Ng6+ Kh7 50. Nf8+ Kh8 51. Rxh6+ 1-0

[Event "ARG-chT ART Semillero U21"]
[Site "Villa Martelli"]
[Date "2017.06.17"]
[Round "6"]
[White "Coro, Lucas"]
[Black "Fernandes, Martin"]
[Result "1-0"]
[WhiteElo "2212"]
[BlackElo "1754"]
[PlyCount "65"]
[EventDate "2017.05.13"]
[EventType "team-swiss"]
[EventRounds "7"]
[EventCountry "ARG"]
[SourceTitle "EXT 2018"]
[Source "ChessBase"]
[SourceDate "2017.10.13"]
[SourceVersion "1"]
[SourceVersionDate "2017.10.13"]
[SourceQuality "1"]
[WhiteTeam "Club Argentino U21"]
[BlackTeam "Ventajedrez Plastigal U21"]
[WhiteTeamCountry "ARG"]
[BlackTeamCountry "ARG"]

1. e4 c5 2. Nf3 g6 3. d4 cxd4 4. Nxd4 Bg7 5. Be2 Nc6 6. Nb3 Nf6 7. Nc3 0-0 8. 0-0 d5 9. exd5 Nb4 10. Bf3 Bf5 11. Nd4 Bc8 12. Re1 Nbxd5 13. Nxd5 Nxd5 14. c3 e5 15. Nb3 Nc7 16. Be3 f5 17. Bc5 Qxd1 18. Raxd1 Re8 19. Bd6 Nb5 20. Bd5+ Kh8 21. Bf7 Be6 22. Bxe8 Rxe8 23. Bxe5 Bxb3 24. Bxg7+ Kxg7 25. axb3 Rxe1+ 26. Rxe1 Kf7 27. f3 Nc7 28. Kf2 Ne6 29. Rd1 Ke7 30. Ke3 h6 31. b4 a6 32. g3 g5 33. Rd5 1-0

[Event "ARG-chT ART Semillero U21"]
[Site "Villa Martelli"]
[Date "2017.05.27"]
[Round "3"]
[White "Pernas, Agustin Baltazar"]
[Black "Fernandes, Martin"]
[Result "1/2-1/2"]
[WhiteElo "2169"]
[BlackElo "1754"]
[PlyCount "98"]
[EventDate "2017.05.13"]
[EventType "team-swiss"]
[EventRounds "7"]
[EventCountry "ARG"]
[SourceTitle "EXT 2018"]
[Source "ChessBase"]
[SourceDate "2017.10.13"]
[SourceVersion "1"]
[SourceVersionDate "2017.10.13"]
[SourceQuality "1"]
[WhiteTeam "Obras AySa U21"]
[BlackTeam "Ventajedrez Plastigal U21"]
[WhiteTeamCountry "ARG"]
[BlackTeamCountry "ARG"]

1. e4 c5 2. Nf3 g6 3. d4 cxd4 4. Nxd4 Bg7 5. Nb3 b6 6. Nc3 Bb7 7. Bd3 Nf6 8. 0-0 d6 9. Bg5 0-0 10. f4 Nbd7 11. Qf3 a6 12. a4 Qc7 13. Rae1 Nc5 14. Nxc5 bxc5 15. b3 Qb6 16. Kh1 e6 17. Qh3 Qb4 18. Na2 Qa3 19. Nc1 Qb4 20. f5 Nxe4 21. Bxe4 Bxe4 22. f6 Bh8 23. c3 Qb7 24. Rf4 Bc6 25. Kg1 e5 26. Rh4 h5 27. Re3 Qc8 28. g4 Qe6 29. Qf1 hxg4 30. Qf2 Qd5 31. Kf1 Qd1+ 32. Re1 Qf3 33. Re3 Qf5 34. Qxf5 gxf5 35. Rg3 Rfe8 36. h3 Bf3 37. hxg4 Bxg4 38. Rg2 Re6 39. Rgh2 Bg7 40. fxg7 Kxg7 41. Bd2 Rg8 42. c4 Rg6 43. Nd3 f4 44. Bxf4 exf4 45. Nxf4 Rg5 46. Rh7+ Kf8 47. Rf2 Rf5 48. Rh6 Bd1 49. Rxd6 Rg4 1/2-1/2